Normal view
MARC view
- معالجة المياة-الصرف الصحي
Entry Topical Term
001 - CONTROL NUMBER
- control field: 51492
003 - CONTROL NUMBER IDENTIFIER
- control field: JO-AjAnu
005 - DATE AND TIME OF LATEST TRANSACTION
- control field: 20230606082454.0
008 - FIXED-LENGTH DATA ELEMENTS
- fixed length control field: 230606|| aca||aabn | a|a d
040 ## - CATALOGING SOURCE
- Original cataloging agency: JO-AjAnu
- Transcribing agency: JO-AjAnu
150 ## - HEADING--TOPICAL TERM
- Topical term or geographic name entry element: معالجة المياة-الصرف الصحي
670 ## - SOURCE DATA FOUND
- Source citation: Work cat.: (JO-AjAnu)26319: السروي ، احمد, author 51491, معالجة المياة الصرف الصحي وتشغيل المحطات